00833nam a2200205 a 450000100100000000500170001000800410002704000250006808200150009310000230010824500720013126000380020330000280024149000220026959000750029170000300036683000280039695201860042499900170061000003526620200930074221.0111027s1976 ve a 000 0 spa d aDO-SdBNPbspacBNPHU axxxxbxxxx1 aNott, David96102410aDescenso al mundo perdido /cDavid Nott ; traducción Jorge Musto. aVenezuela, :bMonte avila,c1976. a133 p. :bil. ;c23 cm.1 aTemas venezolanos aPerteneció a la biblioteca personal de Juan Isidro Jimenes Grullón1 aMusto, Jorge,etr.961025 0aTemas venezolanos96823 001050718MOaGRbGRcHDd2011-10-27iLF1l0oxxxx xxxxp35266-10r2020-06-25w2020-06-25y1zPerteneció a la biblioteca personal de Juan Isidro Jimenes Grullón.ZNo se presta c34757d34757